000 00397nam a2200157Ia 4500
005 20240807062550.0
008 240806s9999||||xx |||||||||||||| ||eng||
041 _aeng
082 _a891.431009
_bGUPH
100 _aDeviprasad Gupta
245 0 _aHindi mahakavya siddant aur mulyankan /
_cDeviprasad Gupta
260 _bApolo Publication Jaipur
300 _a0
650 _aHindi
942 _cBK
999 _c22731
_d22731